000 02804cam a2200325 4500500
005 20251228083244.0
041 _afre
042 _adc
100 1 0 _aSaracino, Francesco
_eauthor
245 0 0 _aPer se resurgens : Claude Mellan, au cœur de la polémique trinitaire du xviie siècle
260 _c2018.
500 _a65
520 _aLa Résurrection gravée en 1683 par Claude Mellan s’accompagne d’une légende qui conduit à rechercher les motivations idéologiques de l’image. Le texte per se resurgens ne reproduit pas un passage biblique mais est une allusion synthétique à un débat sur la résurrection du Messie qui s’était déjà produit aux premiers siècles et qui, à l’époque de Mellan, devint d’actualité dans le contexte des discussions trinitaires qui ébranlaient les théologiens des confessions chrétiennes. Cette étude reconstruit le problème théologique qui sous-tend l’un des chefs-d’œuvre de l’art graphique du xviie siècle.
520 _aClaude Mellan’s 1683 engraving of the Resurrection contains a legend that invites us to seek out the ideological motivations of the image. The phrase per se resurgens is not a citation of a biblical passage, but a synthetic allusion to a debate about the resurrection of the Messiah that had already arisen in the first few centuries AD and which, in the time of Mellan, had become topical within the context of the discussions of the trinity that so agitated the theologians of the Christian confessions. This study reconstructs the theological question underlying one of the masterpieces of seventeenth-century graphic art.
520 _aLa Resurrezione incisa nel 1683 da Claude Mellan è corredata da una legenda che induce a ricercare le motivazioni ideologiche dell’immagine. Il testo per se resurgens, infatti, non riproduce un brano biblico ma è una sintetica allusione ad un dibattito che riguardava sin dai primi secoli la resurrezione del Messia e che al tempo di Mellan era ritornato di attualità nel contesto delle discussioni trinitarie che agitavano i teologi delle confessioni cristiane. Questo studio ricostruisce la problematica teologica che fa da sfondo a uno dei capolavori dell’arte grafica del XVII secolo.
690 _aanges
690 _aanti-Trinitaires
690 _aClaude Mellan
690 _aMichel Servet
690 _aNicolas Poussin
690 _arésurrection
690 _aangels
690 _aanti-Trinitarians
690 _aClaude Mellan
690 _aMiguel Servet
690 _aNicolas Poussin
690 _aresurrection
786 0 _nDix-septième siècle | 280 | 3 | 2018-08-28 | p. 513-532 | 0012-4273
856 4 1 _uhttps://shs.cairn.info/revue-dix-septieme-siecle-2018-3-page-513?lang=fr&redirect-ssocas=7080
999 _c1600927
_d1600927